[Event "76th ch-UKR Women 2016"]
[Site "Rivne UKR"]
[Date "2016.12.13"]
[Round "5.3"]
[White "Buksa, Nataliya"]
[Black "Osmak, Iulija"]
[Result "1/2-1/2"]
[WhiteTitle "WGM"]
[BlackTitle "WGM"]
[WhiteElo "2264"]
[BlackElo "2346"]
[WhiteFideId "14123622"]
[BlackFideId "14101602"]
[EventDate "2016.12.08"]

1. e4 e6 2. d4 d5 3. Nc3 Nf6 4. e5 Nfd7 5. f4 c5 6. Nf3 Nc6 7. Be3 a6 8. Qd2 Be7
9. dxc5 Nxc5 10. Be2 b5 11. a3 Qc7 12. Nd4 Nxd4 13. Bxd4 Bb7 14. O-O O-O 15.
Rae1 Rac8 16. Qe3 Ne4 17. Bd3 Bc5 18. Ne2 f5 19. exf6 Rxf6 20. Bxc5 Qxc5 21. Nd4
Qc7 22. c3 Rcf8 23. g3 e5 24. fxe5 Qxe5 25. Rxf6 Rxf6 26. Rf1 Rxf1+ 27. Bxf1 Bc8
28. Bg2 Bg4 29. Bxe4 dxe4 30. Qf4 Qxf4 31. gxf4 e3 32. Nc2 e2 33. Kf2 Kf7 34.
Nb4 Ke6 35. Nxa6 Kd5 36. Nc7+ Kc4 37. Ke1 Bd7 38. Na6 Bg4 39. Kd2 Kb3 40. Nc7
Bd7 41. Kxe2 Kxb2 42. Kd3 Kxa3 43. Na6 Bh3 44. Kd4 h6 45. Nc5 Kb2 46. Ne4 Kc2
47. Nd6 Bd7 48. Ne4 1/2-1/2

[Event "76th ch-UKR Women 2016"]
[Site "Rivne UKR"]
[Date "2016.12.13"]
[Round "5.4"]
[White "Tsirulnik, Maritsa"]
[Black "Babiy, Olga"]
[Result "1/2-1/2"]
[BlackTitle "WGM"]
[WhiteElo "2161"]
[BlackElo "2322"]
[WhiteFideId "14118688"]
[BlackFideId "14117258"]
[EventDate "2016.12.08"]

1. e4 c5 2. Nf3 e6 3. d4 cxd4 4. Nxd4 Nc6 5. Nc3 Qc7 6. g3 a6 7. Bg2 h5 8. h3 h4
9. g4 Nge7 10. O-O Nxd4 11. Qxd4 Nc6 12. Qd1 Bc5 13. Ne2 d6 14. Nf4 Qe7 15. c3
Bd7 16. Nd3 Ba7 17. Qe2 e5 18. Be3 O-O 19. Rfd1 Be6 20. b3 b5 21. Ne1 Bxe3 22.
Qxe3 a5 23. Nf3 Rfd8 24. Rd2 b4 25. Rad1 bxc3 26. Qxc3 Rdc8 27. Qd3 Rd8 28. Qe3
a4 29. Qb6 Rdc8 30. bxa4 Rxa4 31. Rxd6 Rb4 32. Qa6 Rc4 33. R6d2 Rc3 34. Qe2 Bc4
35. Qe1 Ra3 36. Rb2 Qf6 37. Rc1 Be6 38. Rc3 Rxc3 39. Qxc3 Nd4 40. Qe3 Ra8 41.
Nxd4 exd4 42. e5 Qd8 43. Qd2 Ra4 44. Be4 Qc7 45. Qg5 Ra3 46. Rb7 Qc8 47. Qxh4 g6
48. Qe7 Rxh3 49. Rc7 Qf8 50. Bxg6 Qxe7 51. Rxe7 Bd5 52. Bxf7+ Bxf7 53. e6 Bg6
54. Rd7 Kf8 55. Rxd4 Ke7 56. a4 Kxe6 57. Kg2 Ra3 58. f3 Ke5 59. Rb4 Bc2 60. Rb5+
Kf4 61. Rb4+ Ke3 62. Kg3 Ra1 63. Kg2 Bd3 64. g5 Ra2+ 65. Kg3 Rf2 66. f4 Rf1 67.
Kg4 Rg1+ 68. Kh5 Rh1+ 69. Kg4 Rg1+ 70. Kh5 Be4 71. f5 Kf4 72. Kh6 Kxf5 73. Rb5+
Kf4 74. Rb4 Rc1 75. g6 Rc6 76. Kh7 Rc7+ 77. Kh8 Rc8+ 78. Kh7 Rc7+ 79. Kh8 Rc8+
80. Kh7 Rc1 81. Rxe4+ Kxe4 82. g7 Rh1+ 83. Kg6 Rg1+ 84. Kf7 Rf1+ 85. Kg6 Rg1+ 1/2-1/2

[Event "76th ch-UKR Women 2016"]
[Site "Rivne UKR"]
[Date "2016.12.13"]
[Round "5.5"]
[White "Martynkova, Olena"]
[Black "Gaponenko, Inna"]
[Result "1/2-1/2"]
[WhiteTitle "WFM"]
[BlackTitle "IM"]
[WhiteElo "2280"]
[BlackElo "2411"]
[WhiteFideId "14134039"]
[BlackFideId "14101181"]
[EventDate "2016.12.08"]

1. d4 Nf6 2. Nf3 d5 3. c4 e6 4. g3 dxc4 5. Bg2 Bd7 6. O-O Bc6 7. a4 a5 8. Bg5
Be7 9. Bxf6 Bxf6 10. Nc3 Bxf3 11. Bxf3 c6 12. e3 Nd7 13. Ne4 O-O 14. Nd6 e5 15.
Nxb7 Qc7 16. Nc5 exd4 17. Nxd7 Qxd7 18. exd4 Rab8 19. Rc1 Rb4 20. d5 cxd5 21.
Qxd5 Qxd5 22. Bxd5 Rxa4 23. Rxc4 Rxc4 24. Bxc4 Bxb2 25. Rd1 a4 26. Rd7 a3 27.
Kg2 g5 28. g4 Kg7 29. Ba2 Kf6 30. h3 Bc1 31. Rc7 Bf4 32. Ra7 Bd6 33. Ra5 h6 34.
Kf3 Rb8 35. Rf5+ Kg6 36. Bxf7+ Kg7 37. Bd5 Rb2 38. Rf7+ Kg6 39. Ra7 Rxf2+ 40.
Kxf2 Bc5+ 41. Kf3 Bxa7 42. Ke4 Kf6 43. Ba2 Ke7 44. Bb3 Kd6 45. Bf7 Bf2 46. Kd3
Ke5 47. Kc2 Kf4 48. Kb3 Bc5 49. Bh5 Kg3 50. Ka2 Kxh3 51. Kb3 Kg3 52. Ka2 Kf4 53.
Kb3 Ke3 54. Ka2 Bf8 55. Bg6 Kd2 56. Bh5 Kc1 57. Bg6 Be7 58. Bf7 Kc2 59. Bg6+ Kc3
60. Bf7 1/2-1/2

[Event "76th ch-UKR Women 2016"]
[Site "Rivne UKR"]
[Date "2016.12.14"]
[Round "6.1"]
[White "Rakhmangulova, Anastasiya"]
[Black "Gaponenko, Inna"]
[Result "1/2-1/2"]
[WhiteTitle "WIM"]
[BlackTitle "IM"]
[WhiteElo "2256"]
[BlackElo "2411"]
[WhiteFideId "14117479"]
[BlackFideId "14101181"]
[EventDate "2016.12.08"]

1. d4 d5 2. Nf3 Nf6 3. Bg5 c5 4. e3 Nc6 5. Bxf6 gxf6 6. c4 cxd4 7. exd4 e5 8.
cxd5 Qxd5 9. Nc3 Bb4 10. dxe5 Qxd1+ 11. Rxd1 fxe5 12. Bb5 O-O 13. O-O Bxc3 14.
bxc3 Bg4 15. Bxc6 bxc6 16. Rd6 Bxf3 17. gxf3 Rab8 18. Rxc6 Rfc8 19. Rxc8+ Rxc8
20. Rc1 Rc4 21. Kf1 Kf8 22. Ke2 Ke7 23. Kd3 Rf4 24. Ke3 Rc4 25. Kd3 Rf4 26. Ke3 1/2-1/2

[Event "76th ch-UKR Women 2016"]
[Site "Rivne UKR"]
[Date "2016.12.14"]
[Round "6.2"]
[White "Babiy, Olga"]
[Black "Martynkova, Olena"]
[Result "1/2-1/2"]
[WhiteTitle "WGM"]
[BlackTitle "WFM"]
[WhiteElo "2322"]
[BlackElo "2280"]
[WhiteFideId "14117258"]
[BlackFideId "14134039"]
[EventDate "2016.12.08"]

1. e4 c5 2. Nf3 e6 3. d4 cxd4 4. Nxd4 Nc6 5. Nc3 Qc7 6. Be3 a6 7. Be2 Nf6 8. O-O
b5 9. Nxc6 dxc6 10. f4 Be7 11. e5 Nd5 12. Nxd5 cxd5 13. c3 Bd7 14. Qd4 O-O 15.
Rf3 a5 16. Bd3 Rac8 17. Rh3 g6 18. Be2 b4 19. Bf2 f6 20. cxb4 fxe5 21. fxe5 axb4
22. Rf3 Rxf3 23. gxf3 Qc2 24. Bd3 Bc5 25. Qxc5 Rxc5 26. Bxc2 Rxc2 27. Rb1 Bb5
28. Be1 d4 29. Rd1 d3 30. Bxb4 Rxb2 31. a3 Kf7 32. Rd2 Rb1+ 33. Kf2 g5 34. Ke3
Kg6 35. h4 gxh4 36. Rh2 h5 37. Rxh4 Rb2 38. Bd2 Kg5 39. Rh2 h4 40. Rg2+ Kh5 41.
Rg8 Ra2 42. Rh8+ Kg5 43. Rg8+ Kh5 44. Rb8 Bc4 45. Rc8 Bd5 46. Rh8+ Kg6 47. Rxh4
Rxa3 48. Rf4 Kg7 49. Rf6 Ra7 50. Rf4 Ra3 51. Rg4+ Kf7 52. Rb4 Kg6 53. Rb1 Kf5
54. f4 Ra4 55. Rg1 Rxf4 56. Kxd3 Rg4 57. Rxg4 Kxg4 58. Kd4 Kf5 1/2-1/2

[Event "76th ch-UKR Women 2016"]
[Site "Rivne UKR"]
[Date "2016.12.14"]
[Round "6.3"]
[White "Osmak, Iulija"]
[Black "Tsirulnik, Maritsa"]
[Result "1-0"]
[WhiteTitle "WGM"]
[WhiteElo "2346"]
[BlackElo "2161"]
[WhiteFideId "14101602"]
[BlackFideId "14118688"]
[EventDate "2016.12.08"]

1. e4 c5 2. Nf3 e6 3. d4 cxd4 4. Nxd4 Nc6 5. Nc3 d6 6. g3 Bd7 7. Ndb5 Qb8 8. a4
Nf6 9. Bg2 Be7 10. O-O O-O 11. Bg5 a6 12. Na3 Qc7 13. Qe2 Rab8 14. Rfd1 Rfd8 15.
Be3 Ne5 16. h3 Bc6 17. f4 Ng6 18. Nc4 b5 19. axb5 Bxb5 20. Nxb5 axb5 21. Na5 d5
22. e5 Nd7 23. Nb3 Nb6 24. Bd4 Na4 25. Qf2 Nf8 26. g4 Nd7 27. Re1 Rdc8 28. Re2
Ndb6 29. f5 Nc4 30. Rb1 Bf8 31. f6 Rb7 32. g5 Nc5 33. fxg7 Kxg7 34. Bxd5 Rbb8
35. Rf1 Kg8 36. Bxc4 bxc4 37. Nd2 Rd8 38. Kh2 Rb4 39. Bc3 Ra4 40. Re3 Bg7 41.
Qe2 Nd7 42. Nf3 Nb6 43. Re4 Rd5 44. Re1 Ra2 45. Rh4 Na4 46. Rxc4 Nxc3 47. Rxc3
Qd8 48. Qc4 Rxb2 49. Qc8 h6 50. gxh6 Bxh6 51. Rg1+ Kf8 52. Qa6 Bf4+ 53. Kh1 Ra5
54. Qc4 Bxe5 55. Rd3 Qa8 56. Qh4 Rd5 57. Qe4 Bf6 58. Rgd1 Ra5 59. Qf4 Rf5 60.
Qh6+ Ke8 61. Qh7 Kf8 62. Qh6+ Ke8 63. Rg1 Ke7 64. Qd2 Rd5 65. Rxd5 Qxd5 66. Qxd5
exd5 67. Rg2 Kd6 68. Rf2 Rb4 69. Kg2 Ke6 70. Kg3 Re4 71. h4 d4 72. h5 Re3 73. h6
d3 74. cxd3 Rxd3 75. Kg4 Rd5 76. Re2+ Kd7 77. h7 Bh8 78. Ng5 f5+ 79. Kf4 Bg7 80.
Nf7 Ra5 81. Ne5+ Kc7 82. Rc2+ Kb7 83. Nf7 Rd5 84. Rg2 Bc3 85. Re2 Bg7 86. Re7+
Kb6 87. Ne5 Bh8 88. Re8 Bg7 89. Kxf5 Kc5 90. Kg6 Bxe5 91. Rxe5 Rxe5 92. h8=Q Kd5
93. Kf6 Re6+ 94. Kf5 Rd6 95. Qc3 Rd7 96. Qe5+ Kc6 97. Ke6 1-0

[Event "76th ch-UKR Women 2016"]
[Site "Rivne UKR"]
[Date "2016.12.14"]
[Round "6.4"]
[White "Dolzhykova, Kateryna"]
[Black "Buksa, Nataliya"]
[Result "0-1"]
[WhiteTitle "WIM"]
[BlackTitle "WGM"]
[WhiteElo "2269"]
[BlackElo "2264"]
[WhiteFideId "14113414"]
[BlackFideId "14123622"]
[EventDate "2016.12.08"]

1. e4 c5 2. Nf3 e6 3. c4 Nc6 4. Nc3 Nd4 5. Be2 Ne7 6. Nxd4 cxd4 7. Nb5 Nc6 8.
O-O e5 9. d3 a6 10. Na3 Bxa3 11. bxa3 b5 12. cxb5 axb5 13. f4 exf4 14. Bxf4 Qe7
15. Qb3 O-O 16. Qd5 Qe6 17. Bd6 Re8 18. Qc5 Ra5 19. Bh5 b4 20. Bxf7+ Qxf7 21.
Qc1 Qe6 22. Qf4 Ne7 23. axb4 Ra3 24. Rf3 Ng6 25. Qg3 Bb7 26. Raf1 Rxa2 27. Bc5
Raa8 28. Bxd4 d5 29. h4 dxe4 30. Rf7 Re7 31. Rxe7 Qxe7 32. h5 Nf8 33. Bc5 Qd7
34. dxe4 Ne6 35. Qb3 Bxe4 36. Rd1 Qe8 37. Re1 Qc6 38. h6 gxh6 39. Qc4 Bd5 40.
Qg4+ Ng5 41. Re5 Bf7 42. Be3 Bg6 43. b5 Qf6 44. Bd4 Qf7 45. b6 Rd8 46. Bc3 Qb3
47. Bb4 Qd1+ 48. Qxd1 Rxd1+ 49. Kh2 Rd7 50. Rc5 Kf7 51. Rc6 Ne6 52. g4 Be4 53.
Rc8 Rd8 54. Rc1 Rd3 55. Rf1+ Rf3 56. Rd1 Rb3 57. Rd7+ Kg6 58. Ba5 Kf6 59. Rd2
Ke5 60. Rf2 Nf4 61. Rd2 Rh3+ 62. Kg1 Rh1+ 63. Kf2 Rh2+ 64. Kg3 Rh3+ 65. Kf2 Nd3+
66. Ke2 Kd4 67. Kd1 Rh1+ 68. Kc2 Kc4 69. Re2 Bd5 70. Re7 Nc5 71. Bd2 Rh2 72. Kd1
Bf3+ 73. Kc2 Be4+ 74. Kd1 Kd3 75. Be1 Rb2 76. Kc1 Rxb6 77. Bf2 Nb3+ 78. Kd1 Nd4 0-1

[Event "76th ch-UKR Women 2016"]
[Site "Rivne UKR"]
[Date "2016.12.14"]
[Round "6.5"]
[White "Ivanenko, Olga I."]
[Black "Malakhova, Elizaveta"]
[Result "1/2-1/2"]
[WhiteTitle "WFM"]
[BlackTitle "WGM"]
[WhiteElo "2261"]
[BlackElo "2270"]
[WhiteFideId "14121093"]
[BlackFideId "14117665"]
[EventDate "2016.12.08"]

1. e4 d6 2. d4 Nf6 3. Nc3 e5 4. Nge2 Be7 5. h3 c6 6. g4 h6 7. Bg2 b5 8. Ng3 b4
9. Nce2 g6 10. Be3 h5 11. g5 Nfd7 12. h4 Nb6 13. b3 Qc7 14. f4 Bg4 15. O-O N8d7
16. Qd2 a5 17. c3 c5 18. Rac1 O-O 19. Bf3 Bxf3 20. Rxf3 Qa7 21. fxe5 dxe5 22. d5
Nc8 23. c4 Nd6 24. Rcf1 a4 25. Nc1 axb3 26. axb3 Qc7 27. Qg2 Ra3 28. Kh1 Rc8 29.
Qf2 Nf8 30. Qb2 Nd7 31. Qf2 Nf8 32. Qe2 Qd7 33. Kg2 Qg4 34. R3f2 Qxe2 35. Rxe2 1/2-1/2

[Event "76th ch-UKR Women 2016"]
[Site "Rivne UKR"]
[Date "2016.12.15"]
[Round "7.2"]
[White "Buksa, Nataliya"]
[Black "Ivanenko, Olga I."]
[Result "1-0"]
[WhiteTitle "WGM"]
[BlackTitle "WFM"]
[WhiteElo "2264"]
[BlackElo "2261"]
[WhiteFideId "14123622"]
[BlackFideId "14121093"]
[EventDate "2016.12.08"]

1. e4 c5 2. Nf3 Nc6 3. d4 cxd4 4. Nxd4 e5 5. Nb5 d6 6. N1c3 a6 7. Na3 Be7 8. Be3
Nf6 9. Nc4 b5 10. Nb6 Rb8 11. Nxc8 Rxc8 12. Be2 O-O 13. O-O h6 14. a4 b4 15. Nd5
Nxd5 16. exd5 Nb8 17. a5 Bg5 18. Bb6 Qd7 19. b3 Rc3 20. Ra4 Qc8 21. Bd3 Nd7 22.
Rxb4 Nc5 23. Rc4 Rxc4 24. Bxc4 f5 25. Qe2 f4 26. f3 e4 27. fxe4 Re8 28. Bd3 Re7
29. b4 Na4 30. Bd4 Nc3 31. Qf3 Na2 32. h4 Bxh4 33. Qxf4 Bg5 34. Qxd6 Qg4 35. c3
Re8 36. Qc7 Bh4 37. Qf7+ 1-0

[Event "76th ch-UKR Women 2016"]
[Site "Rivne UKR"]
[Date "2016.12.15"]
[Round "7.3"]
[White "Tsirulnik, Maritsa"]
[Black "Dolzhykova, Kateryna"]
[Result "1/2-1/2"]
[BlackTitle "WIM"]
[WhiteElo "2161"]
[BlackElo "2269"]
[WhiteFideId "14118688"]
[BlackFideId "14113414"]
[EventDate "2016.12.08"]

1. d4 Nf6 2. c4 g6 3. Nf3 Bg7 4. g3 d6 5. Bg2 O-O 6. O-O c6 7. Nc3 Qa5 8. e4 Bg4
9. h3 Bxf3 10. Bxf3 e5 11. d5 cxd5 12. cxd5 Na6 13. Be3 Nd7 14. a3 f5 15. Be2 f4
16. Bc1 fxg3 17. fxg3 Rxf1+ 18. Bxf1 Qb6+ 19. Kg2 Rf8 20. Qe2 Nac5 21. Be3 Qb3
22. Rc1 Nf6 23. Bxc5 dxc5 24. Nd1 b6 25. Qd3 Qxd3 26. Bxd3 Rc8 27. a4 Ne8 28. b3
Nd6 29. Nb2 Bh6 1/2-1/2

[Event "76th ch-UKR Women 2016"]
[Site "Rivne UKR"]
[Date "2016.12.15"]
[Round "7.4"]
[White "Martynkova, Olena"]
[Black "Osmak, Iulija"]
[Result "1-0"]
[WhiteTitle "WFM"]
[BlackTitle "WGM"]
[WhiteElo "2280"]
[BlackElo "2346"]
[WhiteFideId "14134039"]
[BlackFideId "14101602"]
[EventDate "2016.12.08"]

1. e4 d6 2. d4 Nf6 3. Nc3 e5 4. Nf3 Nbd7 5. Bc4 Be7 6. O-O O-O 7. h3 c6 8. a4
Qc7 9. Re1 h6 10. Ba2 Re8 11. Be3 Nf8 12. Qd2 Be6 13. Bxe6 Nxe6 14. a5 Nf8 15.
Qd3 Ng6 16. dxe5 dxe5 17. Qc4 Qc8 18. Red1 Nh7 19. Rd2 Ng5 20. Nxg5 Bxg5 21.
Bxg5 hxg5 22. Rad1 g4 23. Rd7 Re7 24. Rxe7 Nxe7 25. hxg4 Qxg4 26. Qb4 Nd5 27.
Qxb7 Nxc3 28. Qxa8+ Kh7 29. f3 Ne2+ 30. Kf2 Qg3+ 31. Kxe2 Qxg2+ 32. Ke3 Qxc2 33.
Qd8 Qc5+ 34. Ke2 Qb5+ 35. Kf2 Qxb2+ 36. Kg3 Kg6 37. Qd6+ f6 38. Qe6 1-0

[Event "76th ch-UKR Women 2016"]
[Site "Rivne UKR"]
[Date "2016.12.15"]
[Round "7.5"]
[White "Gaponenko, Inna"]
[Black "Babiy, Olga"]
[Result "0-1"]
[WhiteTitle "IM"]
[BlackTitle "WGM"]
[WhiteElo "2411"]
[BlackElo "2322"]
[WhiteFideId "14101181"]
[BlackFideId "14117258"]
[EventDate "2016.12.08"]

1. e4 c5 2. Nf3 e6 3. d4 cxd4 4. Nxd4 Nc6 5. Nc3 Qc7 6. Be3 a6 7. Qd2 Nf6 8. f4
Bb4 9. Bd3 d6 10. a3 Bc5 11. Nxc6 Bxe3 12. Qxe3 bxc6 13. O-O-O Nd7 14. h4 Rb8
15. Rh3 Qb6 16. Qxb6 Rxb6 17. Na4 Rb8 18. c4 Ke7 19. Bc2 e5 20. Rhd3 exf4 21.
Rxd6 Ne5 22. c5 h6 23. Nb6 Bg4 24. R1d4 Be6 25. Ba4 Rhd8 26. Rxd8 Rxd8 27. Rxd8
Kxd8 28. Kd2 Kc7 29. Bd1 Ng6 30. h5 Nh4 31. Bf3 g5 32. hxg6 fxg6 33. Ke2 g5 34.
Kf2 Ng6 35. Be2 a5 36. b4 axb4 37. axb4 Ne5 38. Na4 Bb3 39. Nc3 Bc2 40. g3 fxg3+
41. Kxg3 Bb3 42. Nb1 Kd7 43. Nd2 Bf7 44. Nf1 Bg6 45. Bf3 Nxf3 46. Kxf3 Ke6 47.
Nd2 Ke5 48. Ke3 Bh5 49. Nb3 Be8 50. Nd2 h5 51. Nc4+ Ke6 52. Kf3 Bg6 53. Na5 Be8
54. Nc4 Kf6 55. Ke3 h4 56. Na5 h3 57. Kf3 g4+ 58. Kg3 Ke5 59. Nc4+ Kd4 60. Nd6
Bd7 61. Kh2 Ke5 62. Kg3 Kd4 63. Kf2 h2 64. Kg2 g3 65. Nf7 Bh3+ 66. Kh1 Bg4 67.
Ng5 Ke5 68. Kg2 Kf4 69. b5 cxb5 70. c6 Kxg5 0-1

[Event "76th ch-UKR Women 2016"]
[Site "Rivne UKR"]
[Date "2016.12.16"]
[Round "8.1"]
[White "Rakhmangulova, Anastasiya"]
[Black "Babiy, Olga"]
[Result "0-1"]
[WhiteTitle "WIM"]
[BlackTitle "WGM"]
[WhiteElo "2256"]
[BlackElo "2322"]
[WhiteFideId "14117479"]
[BlackFideId "14117258"]
[EventDate "2016.12.08"]

1. d4 Nf6 2. Nf3 e6 3. Bg5 c5 4. e3 Be7 5. Nbd2 b6 6. Bd3 Bb7 7. c3 h6 8. Bf4 g5
9. Bxb8 Qxb8 10. O-O Qc7 11. a4 Rg8 12. a5 Kf8 13. axb6 axb6 14. Rxa8+ Bxa8 15.
e4 g4 16. Ne1 Nh5 17. g3 cxd4 18. cxd4 Qd6 19. Nc2 Rg7 20. Qa1 Bc6 21. Qa7 Bd8
22. e5 Qe7 23. Ne3 f6 24. Qb8 fxe5 25. dxe5 Rg8 26. Be2 Ke8 27. Ndc4 Qc5 28.
Bxg4 Nf4 29. Nd6+ Ke7 30. gxf4 h5 31. h3 hxg4 32. Nc8+ Ke8 33. Nd6+ Ke7 34. Nc8+
Kf8 35. Nxg4 Rh8 36. Kh2 Qc4 37. Qd6+ Kf7 38. Rg1 Qxf4+ 39. Rg3 Bh4 40. Na7
Bxg3+ 0-1

[Event "76th ch-UKR Women 2016"]
[Site "Rivne UKR"]
[Date "2016.12.16"]
[Round "8.2"]
[White "Osmak, Iulija"]
[Black "Gaponenko, Inna"]
[Result "1/2-1/2"]
[WhiteTitle "WGM"]
[BlackTitle "IM"]
[WhiteElo "2346"]
[BlackElo "2411"]
[WhiteFideId "14101602"]
[BlackFideId "14101181"]
[EventDate "2016.12.08"]

1. e4 g6 2. d4 Bg7 3. f4 d6 4. Nf3 Nf6 5. Nc3 O-O 6. e5 dxe5 7. fxe5 Nd5 8. Bc4
Be6 9. Nxd5 Bxd5 10. Bxd5 Qxd5 11. Qe2 c5 12. c4 Qd7 13. d5 e6 14. d6 f6 15.
exf6 Bxf6 16. Bh6 Rf7 17. O-O-O Nc6 18. Rhe1 Re8 19. Qe4 Nd4 20. Bf4 Qa4 21. Kb1
Qxc4 22. Be5 Qb5 23. Nxd4 cxd4 24. Qxd4 b6 25. h4 Bxe5 26. Rxe5 Qc6 27. Re2 Qb5
28. Rc2 Qf5 29. g4 e5 30. d7 Rd8 31. Qc4 Qf3 32. Rcd2 e4 33. Qc7 Rff8 34. Qc4+
Rf7 35. Qc7 Rff8 36. Qc4+ Rf7 1/2-1/2

[Event "76th ch-UKR Women 2016"]
[Site "Rivne UKR"]
[Date "2016.12.16"]
[Round "8.3"]
[White "Dolzhykova, Kateryna"]
[Black "Martynkova, Olena"]
[Result "1-0"]
[WhiteTitle "WIM"]
[BlackTitle "WFM"]
[WhiteElo "2269"]
[BlackElo "2280"]
[WhiteFideId "14113414"]
[BlackFideId "14134039"]
[EventDate "2016.12.08"]

1. e4 c5 2. Nf3 e6 3. c4 Nc6 4. Nc3 Nd4 5. Be2 Ne7 6. Nxd4 cxd4 7. Nb5 Nc6 8.
O-O a6 9. Na3 Bc5 10. d3 O-O 11. f4 d6 12. f5 Ne5 13. f6 gxf6 14. Bh6 Re8 15.
Qe1 Kh8 16. b4 Ba7 17. Qh4 Rg8 18. Qxf6+ Qxf6 19. Rxf6 Bd7 20. Bf4 Be8 21. Rf1
a5 22. Nb5 Bb8 23. bxa5 Rxa5 24. a3 Nd7 25. Rh6 Ra6 26. Rf3 Rg6 27. Rh4 e5 28.
Bc1 Nf8 29. Bd1 Ne6 30. Rf1 Kg7 31. Bh5 b6 32. Bxg6 hxg6 33. Rf2 Ra5 34. Bd2 Ra6
35. Bb4 Nc5 36. Rf3 Bd7 37. Bxc5 bxc5 38. Rh7+ Kxh7 39. Rxf7+ Kh6 40. Rxd7 Rb6
41. a4 Kg5 42. Kf2 Ra6 43. Rb7 Rxa4 44. Rxb8 Ra2+ 45. Kf3 Rd2 46. Nxd6 Rxd3+ 47.
Ke2 Ra3 48. Rb2 Kf4 49. Kf2 Rc3 50. g3+ Kg4 51. Kg2 d3 52. Nf7 Rc2+ 53. Rxc2
dxc2 54. Nxe5+ Kg5 55. Nd3 1-0

[Event "76th ch-UKR Women 2016"]
[Site "Rivne UKR"]
[Date "2016.12.16"]
[Round "8.4"]
[White "Ivanenko, Olga I."]
[Black "Tsirulnik, Maritsa"]
[Result "0-1"]
[WhiteTitle "WFM"]
[WhiteElo "2261"]
[BlackElo "2161"]
[WhiteFideId "14121093"]
[BlackFideId "14118688"]
[EventDate "2016.12.08"]

1. e4 c5 2. Nf3 e6 3. d4 cxd4 4. Nxd4 Nc6 5. Nc3 Qc7 6. Be3 a6 7. Qf3 b5 8. Nxc6
Qxc6 9. Bd3 Bb7 10. Qg3 Nf6 11. e5 Nh5 12. Qh4 Qxg2 13. O-O-O g6 14. Be4 Bxe4
15. Nxe4 Be7 16. Bg5 Bxg5+ 17. Nxg5 h6 18. Ne4 Qf3 19. Kb1 O-O 20. Rhg1 Qf5 21.
Nf6+ Nxf6 22. exf6 Kh7 23. Rxd7 Rac8 24. Rd3 Rc4 25. Qg3 Rfc8 26. Rc1 Rf4 27.
Qe3 Qxf6 28. f3 Rfc4 29. Qa7 R4c6 30. a3 Qf5 31. Qe3 a5 32. Qd2 b4 33. axb4 axb4
34. Rb3 Rc4 35. Rxb4 Rxb4 36. Qxb4 Qxf3 37. Qb5 Qf4 38. Rf1 Qc7 39. Rf2 Rd8 40.
c3 Kg8 41. Qe2 e5 42. Qe3 Kg7 43. b4 Rd5 44. Kb2 f5 45. Kb3 e4 46. Ra2 Qf7 47.
Kc2 Rd3 48. Qa7 Rd7 49. Qa5 Qe6 50. Ra1 e3 51. Qc5 e2 52. Qf2 f4 53. b5 Qf5+ 54.
Kb3 Qxb5+ 55. Kc2 Qd3+ 56. Kb3 Rb7+ 0-1

[Event "76th ch-UKR Women 2016"]
[Site "Rivne UKR"]
[Date "2016.12.16"]
[Round "8.5"]
[White "Malakhova, Elizaveta"]
[Black "Buksa, Nataliya"]
[Result "1-0"]
[WhiteTitle "WGM"]
[BlackTitle "WGM"]
[WhiteElo "2270"]
[BlackElo "2264"]
[WhiteFideId "14117665"]
[BlackFideId "14123622"]
[EventDate "2016.12.08"]

1. b3 d5 2. Bb2 c5 3. e3 Nf6 4. Nf3 e6 5. Ne5 Bd6 6. f4 Qc7 7. Be2 O-O 8. O-O
Nbd7 9. d4 Ne4 10. Nd2 b6 11. Nxe4 dxe4 12. Bc4 Nf6 13. a4 Nd5 14. Re1 Bb7 15.
Qg4 f5 16. Qe2 Rad8 17. Bxd5 Bxd5 18. dxc5 Bxc5 19. c4 Bb7 20. Red1 Bb4 21. Rxd8
Rxd8 22. Rd1 Rd6 23. Rxd6 Qxd6 24. Bd4 Qe7 25. Qd1 Qd6 26. Kf2 Qd8 27. g3 Ba8
28. Qh5 Qe7 29. Bb2 Bb7 30. Qd1 Qd6 31. Ke2 Kf8 32. Bd4 Bc6 33. Bb2 Qxd1+ 34.
Kxd1 Be8 35. Kc2 Be1 36. Ba3+ Kg8 37. Bd6 Bf2 38. Kd2 Bg1 39. h3 Bh2 40. Bb8
Bxg3 41. Bxa7 g5 42. Bxb6 gxf4 43. Bd4 Bh2 44. Bc3 fxe3+ 45. Kxe3 Bg1+ 46. Ke2
f4 47. Kf1 Ba7 48. a5 f3 49. b4 f2 50. b5 Bc5 51. b6 e3 52. b7 Ba7 53. Bd4 Bb8
54. a6 Bg6 55. Nxg6 hxg6 56. a7 1-0

[Event "76th ch-UKR Women 2016"]
[Site "Rivne UKR"]
[Date "2016.12.17"]
[Round "9.1"]
[White "Buksa, Nataliya"]
[Black "Rakhmangulova, Anastasiya"]
[Result "1-0"]
[WhiteTitle "WGM"]
[BlackTitle "WIM"]
[WhiteElo "2264"]
[BlackElo "2256"]
[WhiteFideId "14123622"]
[BlackFideId "14117479"]
[EventDate "2016.12.08"]

1. e4 c6 2. d4 d5 3. e5 c5 4. dxc5 Nc6 5. a3 Nxe5 6. Bb5+ Nc6 7. Nf3 e6 8. b4
Bd7 9. Bb2 Nf6 10. O-O Be7 11. Nbd2 O-O 12. Bd3 a5 13. Bc3 Ne8 14. Re1 Bf6 15.
Bxf6 Qxf6 16. b5 Nd4 17. a4 Nxf3+ 18. Qxf3 Qxf3 19. gxf3 Nf6 20. Nb3 Nh5 21. c4
Nf4 22. Bf1 Rfc8 23. Rac1 Rc7 24. c6 bxc6 25. b6 Rb7 26. Nc5 Bc8 27. Nxb7 Bxb7
28. cxd5 Nxd5 29. Bd3 Kf8 30. Be4 Nb4 31. Red1 Ke7 32. f4 g6 33. Rd2 Ra6 34. Rc5
f5 35. Bf3 Nd5 36. Bxd5 exd5 37. Kg2 Kd6 38. Rdc2 d4 39. Kf3 Rxb6 40. Ke2 Rb3
41. Kd1 d3 42. R2c3 Rxc3 43. Rxc3 Ba6 44. Rb3 Kc7 45. Kd2 c5 46. Kc3 Bc8 47. Rb5
Bd7 48. Rxc5+ Kb6 49. Rc4 Be6 50. Rd4 Kc5 51. Rxd3 Bd5 52. Rh3 h5 53. Rg3 Bf7
54. Re3 Bd5 55. Re5 h4 56. Kd3 h3 57. Kc3 1-0

[Event "76th ch-UKR Women 2016"]
[Site "Rivne UKR"]
[Date "2016.12.17"]
[Round "9.2"]
[White "Tsirulnik, Maritsa"]
[Black "Malakhova, Elizaveta"]
[Result "0-1"]
[BlackTitle "WGM"]
[WhiteElo "2161"]
[BlackElo "2270"]
[WhiteFideId "14118688"]
[BlackFideId "14117665"]
[EventDate "2016.12.08"]

1. Nf3 d6 2. g3 e5 3. d3 g6 4. Bg2 Bg7 5. c4 Ne7 6. Nc3 h6 7. Rb1 a5 8. d4 Bf5
9. e4 Bg4 10. d5 Nd7 11. h3 Bxf3 12. Bxf3 O-O 13. g4 f5 14. Be3 f4 15. Bd2 g5
16. Be2 f3 17. Bxf3 Ng6 18. Be3 Qf6 19. Be2 Nf4 20. Qd2 Nc5 21. Kd1 Qg6 22. f3
Rf6 23. Kc2 Raf8 24. Rbf1 Qf7 25. Rf2 Na6 26. a3 Ng6 27. Kb1 Nh4 28. Rhf1 Qd7
29. Qc2 Nc5 30. Bd1 b6 31. Bd2 a4 32. Be3 Nb3 33. Nxa4 Nd4 34. Bxd4 exd4 35. b4
Ra8 36. Qb3 Ng6 37. Nb2 Nf4 38. Rh1 d3 39. Nxd3 Nxd3 40. Qxd3 Qe7 41. Ra2 Qe5
42. h4 Rg6 43. h5 Rf6 44. Rhh2 Rff8 45. a4 Rfb8 46. Rhb2 Qg3 47. Rb3 Qe5 48. Qd2
Qe8 49. Rba3 Qe5 50. Qd3 Bf6 51. Rb3 Bg7 52. Kc1 Qf4+ 53. Qd2 Qe5 54. a5 bxa5
55. bxa5 Rxb3 56. Bxb3 Qg3 57. Bd1 Qg1 58. Kc2 Qc5 59. Be2 Rb8 60. Bd3 Qg1 61.
Qd1 Qf2+ 62. Be2 Qe3 63. Qd3 Qg1 64. Bd1 Qf2+ 65. Be2 Qe1 66. Bd1 Qb4 67. Qa3
Qxc4+ 68. Kd2 Be5 69. Rc2 Bf4+ 70. Ke1 Bg3+ 71. Kd2 Qd4+ 72. Ke2 Rb1 73. Rd2
Qf2+ 74. Kd3 Rxd1 75. Qb4 Qf1+ 76. Kc2 Rc1+ 77. Kb3 Be5 78. Qa4 Qxf3+ 0-1